Understanding Human Behavior in Organizations, (Record no. 5127)

MARC details
005 - DATE AND TIME OF LATEST TRANSACTION
control field 20250625155430.0
020 ## - INTERNATIONAL STANDARD BOOK NUMBER
International Standard Book Number 0-06-042186-x
082 ## - DEWEY DECIMAL CLASSIFICATION NUMBER
Classification number 658.3FRE
100 ## - MAIN ENTRY--PERSONAL NAME
Author name FRENCH, W. L.
245 ## - TITLE STATEMENT
Title Understanding Human Behavior in Organizations,
260 ## - PUBLICATION, DISTRIBUTION, ETC.
Place of publication, distribution, etc. New York,
Name of publisher, distributor, etc. McGraw- Hill,
Date of publication, distribution, etc. 1985.
300 ## - PHYSICAL DESCRIPTION
Extent xi, 739p,: ill.; figure
Other physical details Index
Dimensions 24cm
700 ## - ADDED ENTRY--PERSONAL NAME
Other authors/Editors KAST, W. L.
942 ## - ADDED ENTRY ELEMENTS (KOHA)
Source of classification or shelving scheme Dewey Decimal Classification
Koha item type Books
Holdings
Date last seen Total checkouts Full call number Barcode Cost, replacement price Price effective from Koha item type Lost status Source of classification or shelving scheme Damaged status Not for loan Withdrawn status Home library Current library Shelving location Date acquired Cost, normal purchase price
06/25/2025   658.3FRE DOM0001700 15000.00 06/25/2025 Books   Dewey Decimal Classification       CBE Dodoma CBE Dodoma General Collection 07/24/1987 50000.00